000 00418nam a2200169Ia 4500
008 180921t2016 xxu||||| |||| 00| 0 sin d
041 _asin
080 _a745
_bPRE
100 _aPremananda,Solaman
245 _aහෙළ කලා වත
246 _aHela Kala Watha
260 _bPehesara
_aEaheliyagoda
_c2016
300 _b360p, 21cm
942 _cBK
999 _c4372
_d4372
003 LK-CoDNM
040 _aLK-CoDNM
_dLK-CoDNM
_eLK-CoDNM